Top 50 Southern Hip-Hop Albums - Statistics

General Stats
  • This quiz has been taken 20 times
  • The average score is 12 of 50
Answer Stats
Hint Answer % Correct
#1: OutKast Aquemini
94%
#2: OutKast ATLiens
88%
#4: OutKast Stankonia
88%
#3: UGK Ridin' Dirty
65%
#5: Clipse Hell Hath No Fury
59%
#19: Travis Scott Rodeo
59%
#9: OutKast Southernplayalisticadillacmuzik
59%
#29: OutKast Speakerboxxx / The Love Below
59%
#12: Denzel Curry TA13OO
59%
#6: Pusha T DAYTONA
53%
#14: Big K.R.I.T. 4eva is a Mighty Long Time
47%
#37: Clipse Lord Willin'
47%
#17: Killer Mike R.A.P. Music
41%
#8: Goodie Mob Soul Food
41%
#7: CunninLynguists A Piece of Strange
35%
#18: Denzel Curry Imperial
35%
#10: Three 6 Mafia Mystic Stylez
35%
#44: CunninLynguists Will Rap for Food
35%
#23: CunninLynguists Oneirology
29%
#16: Little Brother The Minstrel Show
29%
#11: Scarface The Diary
24%
#13: The Geto Boys The Geto Boys
18%
#41: Geto Boys We Can't Be Stopped
18%
#24: CunninLynguists Dirty Acres
12%
#36: Count Bass D Dwight Spitz
12%
#40: Dead Prez Lets Get Free
12%
#22: Scarface Mr. Scarface is Back
12%
#21: Scarface The Fix
12%
#33: UGK Underground Kingz
12%
#28: OutKast Aquemini [instrumental]
6%
#46: Freddie Gibbs, Curren$y, and the Alchemist Fetti
6%
#34: Ghetto Boys Grip It! On That Other Level
6%
#32: Big K.R.I.T. K.R.I.T Wuz Here
6%
#30: Tommy Wright III On the Run
6%
#20: Eightball & MJG On Top of the World
6%
#31: Big Boi Sir Lucious Left Foot: The Son of Chico Dusty
6%
#27: DJ Paul & Lord Infamous Come with Me 2 Hell, II: Lords of Terror
0%
#47: Player 1 & Bloody Bones Crime Rate Sky-High
0%
#43: Kno Death is Silent
0%
#42: Young Gangstas Pre-Meditated Gangstarism
0%
#35: Big K.R.I.T. ReturnOf4Eva
0%
#45: Tommy Wright III Runnin-N-Gunnin
0%
#26: CunninLynguists Southernunderground
0%
#38: Goodie Mob Still Standing
0%
#48: CunninLynguists Strange Journey Volume Three
0%
#15: UGK Super Tight...
0%
#25: Little Brother The Listening
0%
#39: Lil Ugly Mane Three Sided Tape Volume One
0%
#50: Devin the Dude To tha X-Treme
0%
#49: Nickelus F Trick Dice
0%
No matching quizzes found
Score Distribution
Percent of People with Each Score
Percentile by Number Answered
Your Score History
You have not taken this quiz